| 000 | 00487nam a2200169 a 4500 | ||
|---|---|---|---|
| 001 | 6228 | ||
| 003 | CO-ViMGA | ||
| 008 | 141112s2004 ck r 000 u spa d | ||
| 040 |
_aCO-ViMGA _bspa _cCO-ViMGA |
||
| 082 | 0 | 4 | _a631.417 F835 |
| 100 | 1 |
_aFuentes Vague, Jose Luis _94902 |
|
| 245 | 1 | 0 |
_aLa química en la agricultura : _blibro de capacitación agraria |
| 260 |
_aMadrid : _bExtensión Agraria, _c1986 |
||
| 300 | _a123 p : il | ||
| 650 | 1 | 4 |
_aQUIMICA AGRICOLA _94903 |
| 942 |
_2ddc _cBK |
||
| 999 |
_c18200 _d18200 |
||